| 000 | 00857cab a2200241 4500 | ||
|---|---|---|---|
| 001 | WB3028-59 | ||
| 008 | 090401t1994 xxu||||| |||| 00| 0 eng d | ||
| 035 | _a(Sirsi) u10773 | ||
| 041 | _aeng | ||
| 245 | _aEmployment prospects helped through housing improvement schemes | ||
| 260 | _c1994 | ||
| 350 | _a0 | ||
| 490 |
_aDoE News Release _v(419) 18 July 1994,(2) |
||
| 520 | _aAt a recent Estate Action conference, the Housing Minister emphasised that money spent on housing improvements does not only benefit the physical condition of the property but helps to provide employment and training. | ||
| 650 | _aEMPLOYMENT | ||
| 650 | _aESTATE ACTION PROGRAMME | ||
| 650 | _aSINGLE REGENERATION BUDGET | ||
| 650 | _aCAREERS, EDUCATION AND TRAINING | ||
| 650 | _aURBAN REGENERATION | ||
| 690 | _aURBAN RENEWAL | ||
| 942 | _n0 | ||
| 948 | _c04/03/1997 | ||
| 999 |
_c6850 _d6850 |
||